قلوب أمام المرآة / (رقم التسجيلة. 138024)
[ عرض عادي ]
| 000 -الفاتح | |
|---|---|
| عناصر البيانات ثابتة الطول | 00666cam a2200193 i 4500 |
| 005 - تاريخ ووقت آخر معاملة | |
| حقل ضبط | 20251221110506.0 |
| 008 - عناصر البيانات ثابتة الطول | |
| عناصر البيانات ثابتة الطول | 250721s2018 ua gr 000 0 ara d |
| 020 ## - الترقيم الدولي المعياري للكتب (ردمك) | |
| الترقيم الدولي المعياري للكتب (ردمك) | 9789774565198 |
| 082 14 - رقم تصنيف ديوي العشري | |
| رقم التصنيف | 218.2 |
| رقم المادة | ش ا د |
| 100 1# - مدخل رئيسي – اسم شخصي | |
| الاسم الشخصي | أبو شادي، خالد |
| علاقة الشخص بالعمل/ دوره | مؤلف. |
| 245 10 - بيان العنوان | |
| العنوان | قلوب أمام المرآة / |
| بيان المسؤولية | خالد ابو شادي. |
| 250 ## - بيان الطبعة | |
| بيان الطبعة | الطبعه الاولى. |
| 264 31 - بيانات النشر، التوزيع…إلخ | |
| مكان النشر، التوزيع...إلخ | مصر : |
| اسم الناشر، الموزع...إلخ | دار الاندلس الجديدة للنشر والتوزيع، |
| تاريخ النشر، التوزيع...إلخ | 2018. |
| 300 ## - الوصف المادي | |
| عدد الوحدات المكونة للوعاء | 248 صفحة. |
| 650 17 - مدخل إضافي بالموضوع - مصطلح موضوعي | |
| مصطلح موضوعي أو اسم جغرافي كعنصر مدخل | الاداب الاسلامية. |
| 650 17 - مدخل إضافي بالموضوع - مصطلح موضوعي | |
| مصطلح موضوعي أو اسم جغرافي كعنصر مدخل | المواعظ الاسلامية. |
| 942 ## - بيانات إضافية (كوها) | |
| نوع التنصيف | Dewey Decimal Classification |
| نوع المادة (كوها) | كتب |
| حالة السحب | حالة الفقدان | مصدر التصنيف | حالة التلف | غير قابل للإعارة | المكتبة الرئيسية | المكتبة الحالية | موقع الرف | تاريخ التزويد | الرقم المتسلسل | Total Checkouts | رقم الإستدعاء | الباركود | تاريخ آخر ظهور | تاريخ الفاتورة | نوع المادة (كوها) |
|---|---|---|---|---|---|---|---|---|---|---|---|---|---|---|---|
| Dewey Decimal Classification | المكتبة المركزية | المكتبة المركزية | الإعارة | 28/07/2025 | 1690341 | 218.2 / ش ا د | PLD00436220 | 28/07/2025 | 28/07/2025 | كتب | |||||
| Dewey Decimal Classification | مكتبة أبو علندا العامة | مكتبة أبو علندا العامة | الإعارة | 31/10/2018 | 1690342 | 218.2/شاد | PLD00436352 | 28/07/2025 | 31/10/2018 | كتب | |||||
| Dewey Decimal Classification | مكتبة الجويدة | مكتبة الجويدة | الإعارة | 31/10/2018 | 1690343 | 218.2/شاد | PLD00436353 | 28/07/2025 | 31/10/2018 | كتب | |||||
| Dewey Decimal Classification | مكتبة صويلح العامة | مكتبة صويلح العامة | الإعارة | 31/10/2018 | 1690345 | 218.2/شاد | PLD00436355 | 28/07/2025 | 31/10/2018 | كتب |